[Event "Schleswig-Holstein-ch Kandidaten"]
[Site "Bad Segeberg"]
[Date "2018.03.26"]
[Round "3"]
[White "Gombert, Reiner"]
[Black "Kollhoff, Josef"]
[Result "1-0"]
[WhiteElo "1922"]
[BlackElo "1869"]
[PlyCount "73"]
[EventDate "2018.03.24"]
[EventType "swiss"]
[EventRounds "9"]
[EventCountry "GER"]
[SourceTitle "EXT 2023"]
[Source "ChessBase"]
[SourceDate "2022.10.05"]
[SourceVersion "1"]
[SourceVersionDate "2022.10.05"]
[SourceQuality "1"]

1. e4 c6 2. d4 d5 3. Nd2 dxe4 4. Nxe4 Bf5 5. Ng3 Bg6 6. Bc4 Nf6 7. N1e2 e6 8. Bf4 Nbd7 9. Qd2 Nb6 10. Bb3 Be7 11. 0-0 0-0 12. c4 c5 13. Be3 Qc7 14. Qa5 Rfc8 15. Rac1 Nbd7 16. Qc3 cxd4 17. Nxd4 a6 18. Bc2 Ng4 19. Bxg6 hxg6 20. Bd2 e5 21. Nde2 Rd8 22. h3 Ngf6 23. Be3 Bc5 24. Rfd1 Bxe3 25. Qxe3 Qc5 26. Qf3 Qb6 27. b3 Nc5 28. Qe3 Qc7 29. Nc3 Qe7 30. Nd5 Nxd5 31. cxd5 Nd7 32. Rc7 Qb4 33. Ne4 f5 34. Ng5 Rac8 35. d6 Nf8 36. Rxc8 Rxc8 37. Qxe5 1-0

[Event "Schleswig Holstein-ch Vormeisterklasse"]
[Site "Ratzeburg"]
[Date "2017.04.??"]
[Round "9.1"]
[White "Rickert, Heiko"]
[Black "Kollhoff, Josef"]
[Result "1/2-1/2"]
[WhiteElo "1954"]
[BlackElo "1803"]
[PlyCount "104"]
[EventDate "2017.04.13"]
[EventType "tourn"]
[EventRounds "9"]
[EventCountry "GER"]
[SourceTitle "EXT 2022"]
[Source "ChessBase"]
[SourceDate "2021.10.06"]
[SourceVersion "1"]
[SourceVersionDate "2021.10.06"]
[SourceQuality "1"]

1. e4 c6 2. d4 d5 3. exd5 cxd5 4. Bd3 Nc6 5. c3 Qc7 6. Ne2 e6 7. Bf4 Bd6 8. Bxd6 Qxd6 9. Nd2 Nf6 10. 0-0 0-0 11. Ng3 e5 12. dxe5 Nxe5 13. Bc2 Bg4 14. f3 Be6 15. Nb3 Nc6 16. Nd4 Qc5 17. Nge2 Rfe8 18. Qd2 Rac8 19. Rad1 a6 20. Kh1 Bd7 21. Rfe1 Re7 22. Nxc6 bxc6 23. Nd4 Rce8 24. Kg1 Kf8 25. Kf1 Rxe1+ 26. Rxe1 Qc4+ 27. Bd3 Rxe1+ 28. Kxe1 Qxa2 29. b4 Qa1+ 30. Kf2 a5 31. Nb3 Qa3 32. Nxa5 h6 33. Nb7 Qa7+ 34. Nc5 Be8 35. Qf4 Qa2+ 36. Be2 Qa7 37. Qe3 Qe7 38. Qxe7+ Kxe7 39. Ke3 Nd7 40. Kd4 Kd6 41. Nxd7 Bxd7 42. f4 f6 43. h3 Bc8 44. h4 Bd7 45. Bh5 Bc8 46. Be8 Bb7 47. c4 dxc4 48. Kxc4 Ba6+ 49. Kd4 Bf1 50. g3 Bg2 51. Bg6 Bf3 52. Be4 Be2 1/2-1/2

[Event "Schleswig Holstein-ch cand"]
[Site "Eckernfoerde"]
[Date "2016.03.25"]
[Round "9"]
[White "Schaper, Jan Erik"]
[Black "Kollhoff, Josef"]
[Result "1/2-1/2"]
[WhiteElo "1824"]
[BlackElo "1757"]
[PlyCount "24"]
[EventDate "2016.03.19"]
[EventType "swiss"]
[EventRounds "9"]
[EventCountry "GER"]
[SourceTitle "EXT 2018"]
[Source "ChessBase"]
[SourceDate "2017.10.13"]
[SourceVersion "1"]
[SourceVersionDate "2017.10.13"]
[SourceQuality "1"]

1. c4 c6 2. g3 d5 3. Bg2 Nf6 4. Nf3 dxc4 5. Na3 b5 6. 0-0 g6 7. b3 cxb3 8. Qxb3 Be6 9. Qc3 Bg7 10. Ng5 Bd5 11. e4 Nh5 12. Qf3 0-0 1/2-1/2

[Event "Schleswig Holstein-ch cand"]
[Site "Eckernfoerde"]
[Date "2016.03.24"]
[Round "7"]
[White "Kraas, Ruediger"]
[Black "Kollhoff, Josef"]
[Result "0-1"]
[WhiteElo "1912"]
[BlackElo "1757"]
[PlyCount "78"]
[EventDate "2016.03.19"]
[EventType "swiss"]
[EventRounds "9"]
[EventCountry "GER"]
[SourceTitle "EXT 2018"]
[Source "ChessBase"]
[SourceDate "2017.10.13"]
[SourceVersion "1"]
[SourceVersionDate "2017.10.13"]
[SourceQuality "1"]

1. d4 d5 2. Bf4 e6 3. c3 c5 4. e3 Nc6 5. Nd2 Nf6 6. Ngf3 Bd6 7. Bg3 0-0 8. Be2 b6 9. Qa4 Bb7 10. Ba6 Bxa6 11. Qxa6 Qc7 12. Qd3 h6 13. e4 cxd4 14. Nxd4 Nxd4 15. Qxd4 e5 16. Qa4 Nxe4 17. Nxe4 dxe4 18. Qxe4 f5 19. Qd5+ Kh8 20. f3 Rad8 21. 0-0-0 f4 22. Be1 Bc5 23. Qb3 Rxd1+ 24. Qxd1 Be3+ 25. Kb1 Rd8 26. Qc2 Rd7 27. b3 Qd8 28. a3 Rd1+ 29. Ka2 Rc1 30. Qe2 Qd1 31. Qxd1 Rxd1 32. Kb2 Bf2 33. Bxf2 Rxh1 34. c4 Rf1 35. b4 Rxf2+ 36. Kc3 Rxg2 37. c5 bxc5 38. bxc5 Rg6 39. Kc4 e4 0-1

[Event "Schleswig Holstein-ch cand"]
[Site "Eckernfoerde"]
[Date "2016.03.21"]
[Round "4"]
[White "Kollhoff, Josef"]
[Black "Schlueter, Mike"]
[Result "1/2-1/2"]
[WhiteElo "1757"]
[BlackElo "1878"]
[PlyCount "50"]
[EventDate "2016.03.19"]
[EventType "swiss"]
[EventRounds "9"]
[EventCountry "GER"]
[SourceTitle "EXT 2018"]
[Source "ChessBase"]
[SourceDate "2017.10.13"]
[SourceVersion "1"]
[SourceVersionDate "2017.10.13"]
[SourceQuality "1"]

1. d4 Nf6 2. c4 e5 3. dxe5 Ng4 4. Nf3 Bc5 5. e3 Nc6 6. a3 a5 7. b3 Ngxe5 8. Be2 0-0 9. Bb2 Nxf3+ 10. Bxf3 Ra6 11. 0-0 Qe7 12. Nc3 Ne5 13. Nd5 Nxf3+ 14. Qxf3 Qg5 15. Nf4 Rh6 16. Qg3 Qxg3 17. hxg3 c6 18. Rad1 d6 19. Nd3 Bg4 20. Rd2 Bb6 21. Re1 Re6 22. Bd4 Bxd4 23. exd4 Rxe1+ 24. Nxe1 Re8 25. Kf1 Bf5 1/2-1/2

[Event "Schleswig Holstein-ch cand"]
[Site "Eckernfoerde"]
[Date "2016.03.20"]
[Round "2"]
[White "Kollhoff, Josef"]
[Black "Neumann, Frank"]
[Result "1-0"]
[WhiteElo "1757"]
[BlackElo "2038"]
[PlyCount "155"]
[EventDate "2016.03.19"]
[EventType "swiss"]
[EventRounds "9"]
[EventCountry "GER"]
[SourceTitle "EXT 2018"]
[Source "ChessBase"]
[SourceDate "2017.10.13"]
[SourceVersion "1"]
[SourceVersionDate "2017.10.13"]
[SourceQuality "1"]

1. d4 g6 2. e4 Bg7 3. Nc3 c6 4. Be3 d5 5. Be2 dxe4 6. Nxe4 Nd7 7. Nf3 Ngf6 8. Nxf6+ Nxf6 9. Ne5 Nd7 10. Nxd7 Bxd7 11. Qd2 h5 12. Bf3 Be6 13. b3 Bd5 14. Bxd5 cxd5 15. Rc1 b5 16. c4 bxc4 17. bxc4 dxc4 18. Rxc4 Qd5 19. Qc2 0-0 20. 0-0 Rfd8 21. Rc1 Qe6 22. Qa4 Rd5 23. Rc7 a5 24. R7c5 Qd7 25. Qxd7 Rxd7 26. R1c4 a4 27. Rc8+ Rxc8 28. Rxc8+ Kh7 29. Rc4 e5 30. Rxa4 exd4 31. Bd2 Rc7 32. Kf1 Rc2 33. Ke1 Bf6 34. Kd1 Rb2 35. Ke2 g5 36. h3 g4 37. hxg4 hxg4 38. g3 Kg6 39. Ra3 Be5 40. Ra4 Kf5 41. Kd3 f6 42. Ra5 Rb1 43. Rc5 Rf1 44. Ke2 Ra1 45. Ra5 Ke4 46. Ra4 Rh1 47. Ra3 Rb1 48. Ra4 Bd6 49. Bc3 Bc5 50. Bd2 Rh1 51. Rc4 Kd5 52. Ra4 Rh5 53. Kd3 Rh2 54. Be1 Rh1 55. Bd2 Rf1 56. Ke2 Rb1 57. Kd3 Bb6 58. Ba5 Bc5 59. Bd2 Rb2 60. Ra5 f5 61. Ra8 Rb7 62. Rd8+ Ke6 63. Re8+ Kf6 64. Ra8 Ra7 65. Rxa7 Bxa7 66. a4 Ke5 67. a5 Kd5 68. Bf4 Bc5 69. Bc7 Bb4 70. Bb6 Bc3 71. a6 Kc6 72. a7 Kb7 73. Bxd4 Bb4 74. Kc4 Bd6 75. Kd5 Bc7 76. Be3 f4 77. Bxf4 Bb6 78. Be3 1-0

[Event "Schleswig Holstein-ch Seniors"]
[Site "Leck"]
[Date "2014.04.15"]
[Round "5"]
[White "Kollhoff, Josef"]
[Black "Lorenzen, Sven"]
[Result "0-1"]
[WhiteElo "1740"]
[BlackElo "1941"]
[PlyCount "68"]
[EventDate "2014.04.12"]
[EventType "swiss"]
[EventRounds "9"]
[EventCountry "GER"]
[SourceTitle "EXT 2018"]
[Source "ChessBase"]
[SourceDate "2017.10.13"]
[SourceVersion "1"]
[SourceVersionDate "2017.10.13"]
[SourceQuality "1"]

1. d4 Nf6 2. Nf3 g6 3. c4 Bg7 4. Nc3 0-0 5. e4 d6 6. Be2 Nc6 7. d5 Nb8 8. h3 c6 9. Be3 cxd5 10. cxd5 Nbd7 11. 0-0 Nc5 12. Nd2 b6 13. Rb1 Ba6 14. Bxa6 Nxa6 15. Nb3 Nc5 16. f3 Nxb3 17. Qxb3 Nd7 18. Qd1 Qc7 19. Rc1 Rac8 20. Ne2 Qb7 21. Rxc8 Rxc8 22. Qd2 Qa6 23. a3 Ne5 24. Bd4 Qb5 25. Rb1 Qb3 26. Bc3 h5 27. Qd1 Qb5 28. Nd4 Qc4 29. Qf1 Nd3 30. Nc6 Bxc3 31. Nxe7+ Kf8 32. Nxc8 Bd4+ 33. Kh2 Be5+ 34. Kh1 Bg3 0-1

[Event "Schleswig Holstein-ch Seniors"]
[Site "Leck"]
[Date "2014.??.??"]
[Round "6"]
[White "Haversick, Axel"]
[Black "Kollhoff, Josef"]
[Result "1-0"]
[WhiteElo "1844"]
[BlackElo "1740"]
[PlyCount "46"]
[EventDate "2014.04.12"]
[EventType "swiss"]
[EventRounds "9"]
[EventCountry "GER"]
[SourceTitle "EXT 2018"]
[Source "ChessBase"]
[SourceDate "2017.10.13"]
[SourceVersion "1"]
[SourceVersionDate "2017.10.13"]
[SourceQuality "1"]

1. e4 c6 2. d4 d5 3. e5 Bf5 4. g4 Be4 5. f3 Bg6 6. h4 h5 7. Bd3 Bxd3 8. Qxd3 e6 9. g5 g6 10. Be3 Qb6 11. Nd2 Qxb2 12. Rb1 Qxa2 13. Rxb7 Qa1+ 14. Kf2 Nd7 15. Nb3 Qa3 16. Ne2 Rb8 17. Ra1 Qb2 18. Bc1 Qxa1 19. Rxb8+ Nxb8 20. Nxa1 Ne7 21. Ng3 Nc8 22. Ba3 Bxa3 23. Qxa3 Kd7 1-0

[Event "Kiel op 25th"]
[Site "Kiel"]
[Date "2012.07.29"]
[Round "4"]
[White "Kollhoff, Josef"]
[Black "Zimmermann, Manfred"]
[Result "0-1"]
[WhiteElo "1669"]
[BlackElo "1914"]
[PlyCount "47"]
[EventDate "2012.07.28"]
[EventType "swiss"]
[EventRounds "9"]
[EventCountry "GER"]
[SourceTitle "EXT 2015"]
[Source "ChessBase"]
[SourceDate "2014.11.20"]
[SourceVersion "1"]
[SourceVersionDate "2014.11.20"]
[SourceQuality "1"]

1. d4 d5 2. Nf3 Nf6 3. e3 e6 4. Bd3 c5 5. c3 Nc6 6. Nbd2 cxd4 7. exd4 Bd6 8. 0-0 0-0 9. Re1 Qc7 10. Qe2 Re8 11. Ne5 Ne7 12. f4 g6 13. Qf2 Nd7 14. Qh4 Kg7 15. Ndf3 f6 16. Nxd7 Bxd7 17. h3 Nf5 18. Bxf5 exf5 19. Bd2 Re4 20. Rxe4 fxe4 21. Nh2 g5 22. Qg3 h5 23. Rf1 Kh7 24. f5 0-1

[Event "Schleswig-Holstein-ch HTA"]
[Site "Buesum"]
[Date "2010.04.01"]
[Round "8"]
[White "Haase, Erich"]
[Black "Kollhoff, Josef"]
[Result "0-1"]
[WhiteElo "1575"]
[BlackElo "1598"]
[PlyCount "52"]
[EventDate "2010.03.27"]
[EventType "swiss"]
[EventRounds "9"]
[EventCountry "GER"]
[SourceTitle "EXT 2023"]
[Source "ChessBase"]
[SourceDate "2022.10.05"]
[SourceVersion "1"]
[SourceVersionDate "2022.10.05"]
[SourceQuality "1"]

1. c4 c6 2. d4 d5 3. e3 e6 4. Nc3 f5 5. a3 Nf6 6. Nf3 Bd6 7. Bd3 0-0 8. Bb1 Bd7 9. c5 Bc7 10. 0-0 Be8 11. b4 Ne4 12. Qb3 Nd7 13. Bxe4 fxe4 14. Nd2 Qh4 15. h3 g5 16. f4 gxf4 17. Ncxe4 dxe4 18. Qxe6+ Kh8 19. Bb2 Nf6 20. d5 cxd5 21. Qxd5 Bc6 22. Qc4 f3 23. b5 Qg3 24. Nxf3 exf3 25. Bxf6+ Rxf6 26. Ra2 Qh2+ 0-1

[Event "Schleswig-Holstein-ch HTA"]
[Site "Buesum"]
[Date "2010.03.31"]
[Round "6"]
[White "Kollhoff, Josef"]
[Black "Lund, Holger"]
[Result "1-0"]
[WhiteElo "1598"]
[BlackElo "1615"]
[PlyCount "83"]
[EventDate "2010.03.27"]
[EventType "swiss"]
[EventRounds "9"]
[EventCountry "GER"]
[SourceTitle "EXT 2023"]
[Source "ChessBase"]
[SourceDate "2022.10.05"]
[SourceVersion "1"]
[SourceVersionDate "2022.10.05"]
[SourceQuality "1"]

1. d4 d5 2. e3 Nf6 3. Nf3 e6 4. Ne5 a6 5. Bd3 c5 6. c3 c4 7. Bc2 b5 8. 0-0 Bd6 9. f4 Bb7 10. Bd2 0-0 11. Be1 Ne4 12. Qh5 Nf6 13. Qh3 Ne4 14. Nd2 f5 15. Ndf3 g5 16. Nxg5 Nxg5 17. fxg5 Qxg5 18. Rf3 Bxe5 19. dxe5 Kh8 20. Bh4 Qg7 21. Bf6 Rxf6 22. exf6 Qxf6 23. Rf4 Nd7 24. Kf2 Nc5 25. g4 Ne4+ 26. Bxe4 dxe4 27. gxf5 e5 28. Rh4 Qf7 29. Ke2 Rd8 30. Rd1 Rd7 31. f6 Rxd1 32. Kxd1 Qd5+ 33. Ke1 Qf7 34. Qf5 a5 35. Qxe5 Bc6 36. Rg4 Be8 37. Rg7 Qh5 38. Qxh5 Bxh5 39. a3 a4 40. Kf2 Bg6 41. Kg3 Bf5 42. Kf4 1-0